les personnage smg4 - Statistiques

Statistiques générales
  • Ce quiz a été pris 26 fois
  • Le résultat moyen est 11 sur 15
Statistiques - réponses
personnage smg4 % Correct
frère du principale luigi
100%
principale et cinglé mario
100%
principale 2 smg4
100%
sacre dans toute ses frase et aime mater les des animer bob
90%
vien de splatoon et déteste les animer meggy
90%
aime les carte de collectionet les animer bookins
86%
vien d'un animer saiko
86%
aime les canards en caoutchou tari
81%
vien d'un monde cubik steve
76%
paye pas ses impos yoshi
71%
créateur d'animer axolt
67%
déformer et roi des père inconpétan bowser
67%
est au squoute et est mordu shroomi
29%
deteste mario toed
14%
veut tuer toed d'avoir oublier le lait toedette
14%
Aucun quiz correspondant
Distribution des résultats
% des personnes avec chaque résultat
Percentile par nombre de réponses
Votre historique - résultats
Vous n’avez pas pris ce quiz